00511nam a22001577a 450000500170000000800410001702000160005804100130007408200150008710000440010224500700014625000190021626000580023530000340029365000260032720240110074914.0240110b |||||||| |||| 00| 0 eng d a0409033227  aEnglish  a347.6 HOF  aHoffmann, LH and Zeffert, DT lEnglish  aThe South African Law of Evidence / cLH Hoffmann and DT Zeffert  aThird Edition  aDurban : bButterworth and Company (Pty) Ltd, c1981  blxxii, 504 pages ; c25,5 cm. aLegal practice bLaw